Normal view
MARC view
Entry Personal Name
001 - CONTROL NUMBER
- control field: 46089
003 - CONTROL NUMBER IDENTIFIER
- control field: OSt
005 - DATE AND TIME OF LATEST TRANSACTION
- control field: 20240613120640.0
008 - FIXED-LENGTH DATA ELEMENTS
- fixed length control field: 240613|| aca||aabn | a|a d
040 ## - CATALOGING SOURCE
- Original cataloging agency: OSt
- Transcribing agency: OSt
100 ## - HEADING--PERSONAL NAME
- Personal name: Mingus, Matthew S.
670 ## - SOURCE DATA FOUND
- Source citation: Work cat.: (OSt): Mingus, Matthew S., The privatization of everything. How the plunder of public goods transformed America and how we can fight back. By Donald Cohen, Allen Mikaelian, New York: New press. 2021. pp. 349. $22.10 (hard cover). ISBN: 978-1-62097-653-1
